Radical nationalist in Japan : Kita Ikki, 1883-1937
Contents: Making of a Political Romantic; Anti-Kokutairon; China Observer; A plan to Reorganize Japan; ...
Gespeichert in:
| 1. Verfasser: | |
|---|---|
| Format: | Buch |
| Sprache: | Undetermined |
| Veröffentlicht: |
Cambridge, Massachusetts
Harvard University Press
1969
|
| Schlagworte: | |
| Tags: |
Tag hinzufügen
Keine Tags, Fügen Sie den ersten Tag hinzu!
|
| Thư viện lưu trữ: | Trung tâm Học liệu Trường Đại học Cần Thơ |
|---|
| LEADER | 00729nam a2200217Ia 4500 | ||
|---|---|---|---|
| 001 | CTU_220606 | ||
| 008 | 210402s9999 xx 000 0 und d | ||
| 082 | |a 322.4 | ||
| 082 | |b W746 | ||
| 100 | |a Wilson, George M. | ||
| 245 | 0 | |a Radical nationalist in Japan : | |
| 245 | 0 | |b Kita Ikki, 1883-1937 | |
| 245 | 0 | |c George M. Wilson | |
| 260 | |a Cambridge, Massachusetts | ||
| 260 | |b Harvard University Press | ||
| 260 | |c 1969 | ||
| 520 | |a Contents: Making of a Political Romantic; Anti-Kokutairon; China Observer; A plan to Reorganize Japan; ... | ||
| 650 | |a Political parties,Các đảng chính trị | ||
| 650 | |z Kita Ikki,Kita Ikki | ||
| 904 | |i Tuyến | ||
| 980 | |a Trung tâm Học liệu Trường Đại học Cần Thơ | ||